000 00640nam a22002057a 4500
999 _c10544
_d10544
003 AR-CdUCM
008 190401b ||||| |||| 00| 0 spa d
040 _aMUNICIPALIDAD PROVINCIAL DEL CUSCO
_cBIBLIOTECA MUNICIPAL DEL CUSCO
082 _a345 /
_bC73 / 1862
245 _aCodigo Penal del PerĂº /
260 _aLima :
_bImprenta calle de la rifa,
_c1862
300 _aVIII, 52 paginas ;
_c20 cm.
505 _aContenido: Codico penal -- juridiccion -- jueces -- Recurso de nulidad...
650 _aCodigo
_927480
650 _aPenal
_925590
650 _aPeru
_9429
650 _aLeyes
_94808
942 _2ddc
_cLIBROS
945 _apjha